000 01074cam a2200205 4500
001 WB3803-16
008 020124n2002 000 0 eng u
035 _a(Sirsi) u116420
245 _aFeedback on strategic planning review
260 _c2002
490 _aScottish Executive Press Release
_vSE5197 22 January 2002, (2)
520 _aStakeholders in the planning system took part in a seminar in order to receive feedback from the consultation paper, "Review of Strategic Planning". This is part of the current review of Scotland's strategic land use planning arrangements. Proposals in the consultation paper include preparation of a Scotland-wide planning framework document and sharper focus for National Planning Policy guidelines. The consultation paper is at http://www.scotland.gov.uk/library3/planning/rosp-00.asp
590 _aWB
650 _aSTRATEGIC PLANNING GUIDANCE
650 _aNATIONAL PLANNING POLICY
650 _aSCOTLAND
650 _aPLANNING SYSTEM
690 _aENVIRONMENTAL AND LAND CONSULTANCY-PLANNING AND DEVELOPMENT
942 _n0
999 _c69345
_d69345